Sports Quiz

Random Sports or Hockey Quiz

Philadelphia Flyers Playoff Game-Winning Goals Quiz Stats

Quiz not verified by Sporcle

Challenge
Share
Tweet
Embed
Score 0/217 Timer 12:00
0 Plays Today
Year/Round/Game Game-Winning Goal % Correct
1995 East Quarterfinal Game 5John LeClair
98%
1996 East Quarterfinal Game 1John LeClair
98%
1997 East Quarterfinal Game 1John LeClair
98%
1997 East Quarterfinal Game 3John LeClair
98%
1997 East Quarterfinal Game 5John LeClair
98%
1998 East Quarterfinal Game 2John LeClair
98%
2000 East Quarterfinal Game 3John LeClair
98%
2000 East Semifinal Game 6John LeClair
98%
1973 Quarterfinal Game 4Bobby Clarke
94.1%
1974 Quarterfinal Game 3Bobby Clarke
94.1%
1974 Stanley Cup Final Game 2 (OT)Bobby Clarke
94.1%
1975 Semifinal Game 2 (OT)Bobby Clarke
94.1%
1975 Stanley Cup Final Game 2Bobby Clarke
94.1%
1980 Preliminary Game 1 (OT)Bobby Clarke
94.1%
1980 Preliminary Game 2Bobby Clarke
94.1%
1995 East Final Game 3 (OT)Eric Lindros
94.1%
1996 East Semifinal Game 2Eric Lindros
94.1%
1996 East Semifinal Game 3Eric Lindros
94.1%
1997 East Final Game 4Eric Lindros
94.1%
2014 East Quarterfinal Game 4Jakub Voracek
85.7%
2008 East Final Game 4Jeff Carter
84.3%
2010 East Quarterfinal Game 1Mike Richards
84.3%
2010 East Final Game 4Claude Giroux
84.3%
2010 East Final Game 5 (C)Jeff Carter
84.3%
2010 Stanley Cup Final Game 3 (OT)Claude Giroux
84.3%
1974 Stanley Cup Final Game 4Bill Barber
82.4%
1978 Quarterfinal Game 4Bill Barber
82.4%
1980 Quarterfinal Game 2Bill Barber
82.4%
1980 Semifinal Game 3Bill Barber
82.4%
1980 Semifinal Game 4Bill Barber
82.4%
1980 Stanley Cup Final Game 2Bill Barber
82.4%
1981 Quarterfinal Game 5Bill Barber
82.4%
1975 Quarterfinal Game 1Reggie Leach
80.4%
1975 Semifinal Game 3Reggie Leach
80.4%
1976 Semifinal Game 2 (OT)Reggie Leach
80.4%
1976 Semifinal Game 5 (S)Reggie Leach
80.4%
1977 Quarterfinal Game 4 (OT)Reggie Leach
80.4%
1977 Quarterfinal Game 5Reggie Leach
80.4%
1979 Preliminary Game 2Reggie Leach
80.4%
1979 Preliminary Game 3Reggie Leach
80.4%
2008 East Quarterfinal Game 3Danny Briere
78.4%
2008 East Semifinal Game 2Danny Briere
78.4%
2008 East Semifinal Game 4Danny Briere
78.4%
2010 East Quarterfinal Game 4Danny Briere
78.4%
2010 East Quarterfinal Game 5Danny Briere
78.4%
2010 East Semifinal Game 6Danny Briere
78.4%
2010 East Final Game 2Danny Briere
78.4%
2011 East Quarterfinal Game 2Danny Briere
78.4%
2012 East Semifinal Game 1 (OT)Danny Briere
78.4%
2012 East Quarterfinal Game 6Scott Hartnell
76.5%
1982 Patrick Division Semifinal Game 1Brian Propp
74.5%
1985 Patrick Division Final Game 2Brian Propp
74.5%
1985 Patrick Division Final Game 3Brian Propp
74.5%
1987 Patrick Division Final Game 3Brian Propp
74.5%
1987 Patrick Division Final Game 7Brian Propp
74.5%
1987 Wales Conference Final Game 3Brian Propp
74.5%
1989 Patrick Division Semifinal Game 2Brian Propp
74.5%
1973 Semifinal Game 1 (OT)Rick MacLeish
72.5%
1974 Quarterfinal Game 2Rick MacLeish
72.5%
1974 Semifinal Game 1Rick MacLeish
72.5%
1974 Semifinal Game 5Rick MacLeish
72.5%
1974 Stanley Cup Final Game 6 (SCF)Rick MacLeish
72.5%
1975 Semifinal Game 7 (S)Rick MacLeish
72.5%
1977 Quarterfinal Game 3 (OT)Rick MacLeish
72.5%
1978 Quarterfinal Game 2Rick MacLeish
72.5%
1980 Stanley Cup Final Game 5Rick MacLeish
72.5%
2000 East Quarterfinal Game 1Simon Gagne
72.5%
2000 East Semifinal Game 4 (5OT)Keith Primeau
72.5%
2003 East Semifinal Game 2Simon Gagne
72.5%
2004 East Quarterfinal Game 1Keith Primeau
72.5%
2004 East Semifinal Game 5Keith Primeau
72.5%
2004 East Final Game 4Keith Primeau
72.5%
2004 East Final Game 6 (OT)Simon Gagne
72.5%
Year/Round/Game Game-Winning Goal % Correct
2009 East Quarterfinal Game 3Simon Gagne
72.5%
2010 East Semifinal Game 4 (OT)Simon Gagne
72.5%
2010 East Semifinal Game 7Simon Gagne
72.5%
1985 Patrick Division Semifinal Game 3Tim Kerr
68.6%
1987 Patrick Division Semifinal Game 2Tim Kerr
68.6%
1987 Patrick Division Semifinal Game 5Tim Kerr
68.6%
1987 Patrick Division Final Game 4Tim Kerr
68.6%
1989 Patrick Division Final Game 2Tim Kerr
68.6%
1989 Patrick Division Final Game 4Tim Kerr
68.6%
1995 East Quarterfinal Game 4 (D)Eric Desjardins
68.6%
1995 East Semifinal Game 1 (OT) (D)Eric Desjardins
68.6%
1999 East Quarterfinal Game 4 (D)Eric Desjardins
68.6%
2000 East Quarterfinal Game 2 (D)Eric Desjardins
68.6%
2012 East Quarterfinal Game 1 (OT)Jakub Voracek
68.6%
1974 Quarterfinal Game 4 (OT)Dave Schultz
66.7%
2000 East Semifinal Game 5Mark Recchi
66.7%
2001 East Quarterfinal Game 5Mark Recchi
66.7%
2003 East Quarterfinal Game 4 (3OT)Mark Recchi
66.7%
1985 Patrick Division Final Game 1Rick Tocchet
64.7%
1985 Wales Conference Final Game 6 (C)Rick Tocchet
64.7%
1987 Wales Conference Final Game 6 (C)Rick Tocchet
64.7%
1987 Stanley Cup Final Game 5Rick Tocchet
64.7%
1989 Patrick Division Semifinal Game 4Rick Tocchet
64.7%
1989 Patrick Division Semifinal Game 6Rick Tocchet
64.7%
2000 East Final Game 3Rick Tocchet
64.7%
2003 East Quarterfinal Game 2Jeremy Roenick
62.7%
2004 East Semifinal Game 6 (OT)Jeremy Roenick
62.7%
2014 East Quarterfinal Game 2Luke Schenn
61.9%
1995 East Final Game 4Rod Brind'Amour
56.9%
1997 East Final Game 5 (C)Rod Brind'Amour
56.9%
1985 Patrick Division Semifinal Game 1 (OT) (D)Mark Howe
52.9%
1988 Patrick Division Semifinal Game 1Dave Poulin
49%
1989 Patrick Division Final Game 7Dave Poulin
49%
1989 Wales Conference Final Game 5 (OT)Dave Poulin
49%
2006 East Quarterfinal Game 3Peter Forsberg
47.1%
2006 East Quarterfinal Game 4Peter Forsberg
47.1%
2010 East Semifinal Game 5Ville Leino
47.1%
2010 Stanley Cup Final Game 4Ville Leino
47.1%
2011 East Quarterfinal Game 6 (OT)Ville Leino
47.1%
1977 Quarterfinal Game 6 (D)Jim Watson
45.1%
1975 Stanley Cup Final Game 6 (SCF)Bob Kelly
43.1%
1978 Quarterfinal Game 1Bob Kelly
43.1%
2008 East Quarterfinal Game 2R.J. Umberger
43.1%
2008 East Semifinal Game 3R.J. Umberger
43.1%
1973 Quarterfinal Game 5 (OT)Gary Dornhoefer
41.2%
1974 Semifinal Game 7 (S)Gary Dornhoefer
41.2%
1975 Quarterfinal Game 3Gary Dornhoefer
41.2%
1975 Stanley Cup Final Game 5Gary Dornhoefer
41.2%
1980 Semifinal Game 2Paul Holmgren
39.2%
1981 Quarterfinal Game 1Paul Holmgren
39.2%
2008 East Quarterfinal Game 4 (2OT)Mike Knuble
39.2%
2012 East Quarterfinal Game 2Jaromir Jagr
39.2%
1979 Quarterfinal Game 1 (OT)Ken Linseman
37.3%
1980 Preliminary Game 3 (2OT)Ken Linseman
37.3%
1981 Preliminary Game 2Ken Linseman
37.3%
1981 Preliminary Game 5Ken Linseman
37.3%
1981 Quarterfinal Game 6Ken Linseman
37.3%
1996 East Quarterfinal Game 4Joel Otto
37.3%
2012 East Quarterfinal Game 3Matt Read
37.3%
1985 Patrick Division Final Game 5Ilkka Sinisalo
35.3%
1985 Wales Conference Final Game 2Ilkka Sinisalo
35.3%
1985 Wales Conference Final Game 3Ilkka Sinisalo
35.3%
1986 Patrick Division Semifinal Game 2 (D)Brad McCrimmon
35.3%
1986 Patrick Division Semifinal Game 4Peter Zezel
35.3%
1987 Patrick Divsion Semifinal Game 3Peter Zezel
35.3%
1987 Wales Conference Final Game 1 (OT)Ilkka Sinisalo
35.3%
1987 Stanley Cup Final Game 3 (D)Brad McCrimmon
35.3%
1989 Wales Conference Final Game 1Ilkka Sinisalo
35.3%
1997 East Semifinal Game 3 (D)Dale Hawerchuk
35.3%
2010 East Final Game 1 (D)Braydon Coburn
35.3%
1987 Patrick Division Semifinal Game 6Derrick Smith
33.3%
1989 Patrick Division Final Game 6Derrick Smith
33.3%
1997 East Semifinal Game 2Chris Therien
33.3%
Year/Round/Game Game-Winning Goal % Correct
2010 East Quarterfinal Game 3 (OT)Dan Carcillo
33.3%
2011 East Quarterfinal Game 7James van Riemsdyk
33.3%
1980 Quarterfinal Game 1 (D)Behn Wilson
31.4%
1980 Quarterfinal Game 5 (D)Behn Wilson
31.4%
1985 Stanley Cup Final Game 1Ron Sutter
31.4%
1989 Patrick Division Semifinal Game 5Pelle Eklund
31.4%
1997 East Semifinal Game 5Dainius Zubrus
31.4%
2008 East Quarterfinal Game 7 (OT)Joffrey Lupul
31.4%
1976 Quarterfinal Game 7Mel Bridgman
29.4%
1976 Semifinal Game 3Mel Bridgman
29.4%
1978 Preliminary Game 1 (OT)Mel Bridgman
29.4%
2003 East Quarterfinal Game 7Justin Williams
29.4%
1975 Quarterfinal Game 2 (D)Andre Dupont
27.5%
1975 Quarterfinal Game 4 (OT) (D)Andre Dupont
27.5%
1985 Wales Conference Final Game 5Murray Craven
27.5%
1988 Patrick Division Semifinal Game 3 (D)Kjell Samuelsson
27.5%
1988 Patrick Division Semifinal Game 4Murray Craven
27.5%
1997 East Quarterfinal Game 2Trent Klatt
27.5%
1997 East Final Game 3Trent Klatt
27.5%
2004 East Quarterfinal Game 4 (D)Kim Johnsson
27.5%
1975 Semifinal Game 1Don Saleski
25.5%
1976 Quarterfinal Game 5Don Saleski
25.5%
1978 Preliminary Game 2Don Saleski
25.5%
1978 Quarterfinal Game 5Don Saleski
25.5%
2000 East Semifinal Game 3 (OT) (D)Andy Delmore
25.5%
2000 East Final Game 4Craig Berube
25.5%
2001 East Quarterfinal Game 3 (D)Andy Delmore
25.5%
1987 Wales Conference Final Game 4Scott Mellanby
23.5%
1995 East Semifinal Game 3Kevin Dineen
23.5%
1996 East Quarterfinal Game 5Shjon Podein
23.5%
1997 East Semifinal Game 1Shjon Podein
23.5%
2003 East Semifinal Game 4Michal Handzus
23.5%
2004 East Final Game 2Sami Kapanen
23.5%
2008 East Semifinal Game 5Scottie Upshall
23.5%
1976 Quarterfinal Game 1Orest Kindrachuk
21.6%
1976 Semifinal Game 4Orest Kindrachuk
21.6%
1978 Semifinal Game 3Orest Kindrachuk
21.6%
1987 Stanley Cup Final Game 6 (D)J.J. Daigneault
21.6%
2002 East Quarterfinal Game 1 (OT)Ruslan Fedotenko
21.6%
2004 East Semifinal Game 2Alexei Zhamnov
21.6%
1974 Quarterfinal Game 1 (D)Tom Bladon
19.6%
1980 Quarterfinal Game 3 (D)Bob Dailey
19.6%
1980 Semifinal Game 5 (S) (D)Bob Dailey
19.6%
2000 East Quarterfinal Game 5Daymond Langkow
19.6%
2000 East Final Game 2Daymond Langkow
19.6%
2009 East Quarterfinal Game 5Arron Asham
19.6%
1973 Quarterfinal Game 6Ross Lonsberry
17.6%
1974 Semifinal Game 2Ross Lonsberry
17.6%
1974 Stanley Cup Final Game 3Terry Crisp
17.6%
1975 Stanley Cup Final Game 1Ross Lonsberry
17.6%
1976 Quarterfinal Game 2Ross Lonsberry
17.6%
1981 Preliminary Game 1Al Hill
17.6%
1973 Quarterfinal Game 2Bill Flett
15.7%
1995 East Quarterfinal Game 1 (OT) (D)Karl Dykhuis
15.7%
1995 East Semifinal Game 2 (OT) (D)Kevin Haller
15.7%
1995 East Semifinal Game 4 (D)Karl Dykhuis
15.7%
1997 East Final Game 1 (D)Janne Niinimaa
15.7%
1985 Patrick Division Semifinal Game 2Todd Bergen
13.7%
2003 East Quarterfinal Game 5 (D)Dimitri Yushkevich
13.7%
2004 East Quarterfinal Game 5 (D)Danny Markov
13.7%
2011 East Quarterfinal Game 3Nikolay Zherdev
13.7%
1995 East Quarterfinal Game 2Rob DiMaio
9.8%
2004 East Semifinal Game 1 (D)Marcus Ragnarsson
9.8%
2014 East Quarterfinal Game 6Erik Gustafsson
9.5%
1968 Quarterfinal Game 2Leon Rochefort
7.8%
2004 East Quarterfinal Game 2 (D)Mattias Timander
7.8%
1987 Patrick Division Final Game 1Don Nachbaur
5.9%
1968 Quarterfinal Game 5Rosaire Paiement
3.9%
1968 Quarterfinal Game 6 (OT)Don Blackburn
3.9%
1996 East Quarterfinal Game 6Shawn Antoski
3.9%
1999 East Quarterfinal Game 1Valeri Zelepukin
2%

You're not logged in!

Compare scores with friends on all Sporcle quizzes.
Sign Up with Email
OR
Log In

You Might Also Like...

Show Comments

Extras

Top Quizzes Today


Score Distribution

Your Account Isn't Verified!

In order to create a playlist on Sporcle, you need to verify the email address you used during registration. Go to your Sporcle Settings to finish the process.